| 000 | 00386nam a2200145Ia 4500 | ||
|---|---|---|---|
| 008 | 200103s9999||||xx |||||||||||||| ||und|| | ||
| 020 | _a0859505200, | ||
| 040 | _aIMU-MPC | ||
| 082 | _aColumn-20 | ||
| 100 | _aBostock, L. and Chandler, S. | ||
| 245 | 0 | _aMathematics- Mechanics and Probability | |
| 260 |
_bEducational Low-Priced Books Scheme _c1993 |
||
| 300 | _axi, 658 | ||
| 942 | _cBK | ||
| 999 |
_c6468 _d6468 |
||